A cozinha barulhenta e outras histórias (Registo nº 3833)

Detalhes MARC
000 -Etiqueta do registo
Cabeçalho 00736nam0a2200253 4500
005 - Identificador da versão
Campo de controlo 20240813122045.0
021 ## - Número do Depósito Legal
Código do país PT
Número 14 198/86
100 ## - Dados gerais de processamento
Dados gerais de processamento 20170511d1987 d y0pory5003 ba
102 ## - Pais de publicação ou produção
País de publicação Portugal
101 0# - Língua de publicação
Língua do texto, banda sonora, etc. Português
215 ## - Descrição física 
Indicação específica da natureza do documento e extensão da espécie 94, [1] p.
Outras indicações físicas il
200 1# - Titulo e menção de responsabilidade
Título próprio A cozinha barulhenta e outras histórias
Primeira menção de responsabilidade Ricardo Alberty
Outras menções de responsabilidade il. Fernando Bento
225 1# - Colecção 
Título próprio da colecção Picapau
Indicação de volume 10
205 ## - Menção da edição
Menção da edição 2ª ed
210 ## - Publicação, Distribuição, etc. 
Lugar da edição, distribuição, etc. Lisboa
Nome do editor, distribuidor, etc. Verbo
Data da publicação, distribuição, etc. D. L. 1986
Data da impressão imp. 1987
606 ## - Nome comum usado como assunto
Número de registo de entrada de autoridade 0001335
Palavra de ordem Literatura portuguesa
Subdivisão de assunto Conto
Código do sistema CA
675 ## - Classificação Decimal Universal (CDU)
Notação 821.134.3-34
Edição 3ª ed.
Língua da edição por
702 #1 - Nome de autor-pessoa física (responsabilidade secundária)
Número de registo de entrada de autoridade 0001837
Palavra de ordem Bento
Outra parte do nome não tomada para palavra de ordem Fernando
Código de função Ilustrador / Técnico de desenho computorizado
700 #1 - Nome de autor-pessoa física (responsabilidade principal)
Número de registo de entrada de autoridade 0001504
Palavra de ordem Alberty
Outra parte do nome não tomada para palavra de ordem Ricardo
Datas 1919-1992
966 ## - Identificação da Biblioteca
Sigla EBVEN
942 ## - Elementos de entrada adicionados (Koha)
Tipo de item no Koha Livro
Exemplares
Situação do levantamento Origin of item (home branch) (coded) Biblioteca de empréstimo Código de barras Cota Circulation type (not for loan) Tipo de documento Nota do exemplar Damaged status
  Biblioteca Escolar das Vendas Biblioteca Escolar das Vendas BEV164 8POR ALB   Livro Sem mensagem